Aktíva životných poisťovní

Problematika investovania životnej poisťovne do aktív. Typy aktív, do ktorých môže životná poisťovňa investovať. Základné faktory, ktoré ovplyvňujú životnú poisťovňu pri výbere aktív. Popis situácie v oblasti investícií poisťovní na poistnom trhu v zahraničí.

Gespeichert in:
Bibliographische Detailangaben
1. Verfasser: Sakálová, Katarína, 1955-
Weitere Verfasser: Mojžišová, Elena
Format: Buchkapitel
Sprache:Slowakisch
Schlagworte:
Tags: Tag hinzufügen
Keine Tags, Fügen Sie das erste Tag hinzu!

MARC

LEADER 00000naa$a2200000$$$4500
001 0044139
005 20240502071522.3
041 0 |a slo 
044 |a SK 
245 1 0 |a Aktíva životných poisťovní  |c Katarína Sakálová, Elena Mojžišová 
520 |a Problematika investovania životnej poisťovne do aktív. Typy aktív, do ktorých môže životná poisťovňa investovať. Základné faktory, ktoré ovplyvňujú životnú poisťovňu pri výbere aktív. Popis situácie v oblasti investícií poisťovní na poistnom trhu v zahraničí. 
610 2 0 |a poistenie životné 
610 2 0 |a poisťovne komerčné 
610 2 0 |a poistenie životné investičné 
610 2 0 |a politika investičná 
610 2 0 |a poistenci 
610 2 0 |a aktíva 
610 2 0 |a Slovensko 
610 2 0 |a USA 
610 2 0 |a Európa 
610 2 0 |a obligácie 
610 2 0 |a akcie 
610 2 0 |a dlhopisy komunálne 
610 2 0 |a dlhopisy štátne 
100 1 |a Sakálová, Katarína, 1955- 
700 1 |a Mojžišová, Elena